Statistiques concernant 20 personnages de Jeux vidéo emblématiques

Cliquez ici pour prendre le quiz!

Statistiques générales

  • Ce quiz a été pris 149 fois
  • Le résultat moyen est 5 sur 20

Statistiques - réponses

ClassementPersonnageFranchise% Correct
2MarioSuper Mario
95%
7LinkLa légende de Zelda
67%
4Sonic le hérissonSonic
65%
1Lara CroftTomb Raider
52%
6Pac-ManPac-Man
38%
12PikachuPokémon
38%
9KratosGod of War
26%
20Nathan DrakeUncharted
25%
13SteveMinecraft
24%
15Crash BandicootCrash Bandicoot
23%
16Cloud StrifeFinal Fantasy VII
15%
14Solid SnakeMetal Gear Solid
15%
19Ellie WilliamsThe Last of Us
8%
8Master ChiefHalo
8%
11Arthur MorganRed Dead Redemption 2
6%
3Agent 47Hitman
3%
5SackboyLittleBigPlanet
1%
17AstarionBaldur's Gate 3
0%
18Kazuma KiryuYakuza
0%
10ShadowheartBaldur's Gate 3
0%

Distribution des résultats

Percentile par nombre de réponses

% des personnes avec chaque résultat

Votre développement - résultats

Vous n’avez pas pris ce quiz